Political Theory (Record no. 354237)

000 -LEADER
fixed length control field nam a22 7a 4500
003 - CONTROL NUMBER IDENTIFIER
control field NUST
005 - DATE AND TIME OF LATEST TRANSACTION
control field 20180118100208.0
008 - FIXED-LENGTH DATA ELEMENTS--GENERAL INFORMATION
fixed length control field 180118b xxu||||| |||| 00| 0 eng d
020 ## - INTERNATIONAL STANDARD BOOK NUMBER
International Standard Book Number 9789332568839 pb
040 ## - CATALOGING SOURCE
Transcribing agency 0
082 ## - DEWEY DECIMAL CLASSIFICATION NUMBER
Classification number 320.01 POL 2016
245 00 - TITLE STATEMENT
Title Political Theory
Remainder of title An Introduction
Statement of responsibility, etc. Editor Rajeev Bhargava, Ashok Acharya
260 ## - PUBLICATION, DISTRIBUTION, ETC.
Place of publication, distribution, etc. Delhi
Name of publisher, distributor, etc. PEARSON
Date of publication, distribution, etc. 2016
300 ## - PHYSICAL DESCRIPTION
Extent xiv;340 p
Dimensions 23 cm
650 ## - SUBJECT ADDED ENTRY--TOPICAL TERM
Source of heading or term What is Political Theory and Why do we need it,
942 ## - ADDED ENTRY ELEMENTS (KOHA)
Source of classification or shelving scheme
Koha item type Book
Holdings
Withdrawn status Lost status Source of classification or shelving scheme Damaged status Not for loan Collection code Permanent Location Current Location Shelving location Date acquired Total Checkouts Total Renewals Full call number Barcode Date last seen Date last checked out Price effective from Koha item type
            Centre for International Peace & Stability (CIPS) Centre for International Peace & Stability (CIPS) General Stacks 11/15/2021 1 2 320.01 POL 2016 CIPS0002890 02/24/2022 11/15/2021 01/18/2018 Book
© 2023 Central Library, National University of Sciences and Technology. All Rights Reserved.